000
00314nam a22001217a 4500
008
180424b xxu||||| |||| 00| 0 eng d
041
_a
eng
080
_a
043.3
100
_a
0
101
_a
INI-BTH
245
_a
Studim preliminar mbi efektin e hirit fluturues në vetitë e betonit
_c
Kurteshi,B
942
_2
udc
_c
BK
999
_c
45485
_d
45485